000 00458nam a2200169Ia 4500
008 130318s9999 xx 000 0 und d
020 _a8120324668
082 _a005.13 FRI/E
100 _aFriedman, Daniel P
245 _aEssentials of programming languages
250 _a2
260 _bPrentice-Hall of India Pvt.Ltd
_aNew Delhi
_c2005
300 _a389
650 _aPROGRAMMING LANGUAGES
700 _aHaynes, Christopher T
700 _aWand, Mitchell
999 _c1204
_d1204